000 00588nam a2200205Ia 4500
003 GCL
008 140319s9999 xx 000 0 ara d
040 _aGCL /
_cGCL
082 0 4 _a811.9
_bف ث
100 1 _aفتحى السعيد
245 1 0 _aثرثرة على مائدة ديك الجن /
_cفتحى السعيد
260 _a[S.N] :
_bمكتبة مدبولى ،
_c1991
300 _a115 ص
490 _a
650 0 4 _aالشعر العربى
650 0 4 _aالعصر الحديث
650 0 4 _aدواوين وقصائد
650 0 4 _aالشعر الحر
942 _2ddc
_cBK
999 _c55006
_d55006